• 首页
  • 本馆介绍
  • 公告通知
  • 最新文献
  • 馆藏检索
  • 电子资源
  • 读者导购
  • 参考咨询
  • 我的图书馆
  • 登录
  • 详细信息显示
  • 放入我的书架
  • 预约/预借图书
  • 作者相关作品
  • 分类相关作品
  • 丛书相关作品
  • 出版社相关作品

书目信息

  • 表格格式
  • 工作单格式
  • 卡片格式
题名:
富兰克林的故事
    
 
作者: 王艳娥 编著
分册:  
出版信息: 长春   北方妇女儿童出版社  2011
页数: 183页
开本: 21cm
丛书名: 榜样的力量
单 册:
中图分类: K837.127=4 , K837.12
科图分类:
主题词:
电子资源:
ISBN: 978-7-5385-4331-5
000 00722oam2 2200253 450
001 2336260169
005 20231216130300.47
010    @a978-7-5385-4331-5@dCNY 33.80
100    @a20100517d2011 cemy0chiy0120 ea
101 0  @achi
102    @aCN@b220000
105    @aa z 000yb
200 1  @a富兰克林的故事@Afu lan ke lin de gu shi@b专著@f王艳娥编著
205    @a2版
210    @a长春@c北方妇女儿童出版社@d2011
215    @a183页@d21cm
225 2  @a榜样的力量
410  0 @12001 @a榜样的力量
600  0 @a富兰克林@c(Franklin, Banjamin@f1706-1790)@x传记
690    @aK837.127=4@v5
690    @aK837.12@v4
701  0 @a王艳娥@Awang yan e@4编著
801  2 @aCN@b辽宁北配@c20231205
905    @aZUCC@dK837.12@e100=2
    
    富兰克林的故事/王艳娥编著.-2版.-长春:北方妇女儿童出版社,2011
    183页;21cm.-(榜样的力量)
    
    
    ISBN 978-7-5385-4331-5:CNY 33.80
    
●
相关链接 在五车中查询图书 在当当中查询图书 在豆瓣中查询图书


正题名:富兰克林的故事     索取号:K837.12/100=2         预约/预借

序号 登录号 条形码 馆藏地/架位号 状态 备注
1 2001249023   2001249023   第四书库/四23架B面1层1列/ [索取号:K837.12/100=2] 在馆    
2 2001249024   2001249024   第四书库/四23架B面1层1列/ [索取号:K837.12/100=2] 在馆    
3 2001249025   2001249025   第四书库/四23架B面1层1列/ [索取号:K837.12/100=2] 在馆    
4 2001249026   2001249026   第四书库/四23架B面1层1列/ [索取号:K837.12/100=2] 在馆    
5 2001249027   2001249027   第四书库/四23架B面1层1列/ [索取号:K837.12/100=2] 在馆    
6 2001249028   2001249028   第四书库/四23架B面1层1列/ [索取号:K837.12/100=2] 在馆    
7 2001249029   2001249029   第四书库/四23架B面1层1列/ [索取号:K837.12/100=2] 在馆    
8 2001249030   2001249030   第四书库/四23架B面1层1列/ [索取号:K837.12/100=2] 在馆    
9 2001249031   2001249031   第四书库/四23架B面1层1列/ [索取号:K837.12/100=2] 在馆    
10 2001249032   2001249032   第四书库/四23架B面1层1列/ [索取号:K837.12/100=2] 在馆    
11 2001249033   2001249033   第四书库/四23架B面1层1列/ [索取号:K837.12/100=2] 在馆    
12 2001249034   2001249034   第四书库/四23架B面1层1列/ [索取号:K837.12/100=2] 在馆    
13 2001249035   2001249035   第四书库/四23架B面1层1列/ [索取号:K837.12/100=2] 在馆    
14 2001249036   2001249036   第四书库/四23架B面1层1列/ [索取号:K837.12/100=2] 在馆    
15 2001249037   2001249037   501书库/ [索取号:K837.12/100=2] 在馆    
16 2001249038   2001249038   501书库/ [索取号:K837.12/100=2] 在馆    
17 2001249039   2001249039   501书库/ [索取号:K837.12/100=2] 在馆    
18 2001249040   2001249040   501书库/ [索取号:K837.12/100=2] 在馆    
19 2001249041   2001249041   501书库/ [索取号:K837.12/100=2] 在馆    
20 2001249042   2001249042   501书库/ [索取号:K837.12/100=2] 在馆    
21 2001249043   2001249043   315书库/ [索取号:K837.12/100=2] 在馆    
22 2001249044   2001249044   315书库/ [索取号:K837.12/100=2] 在馆    
23 2001249045   2001249045   315书库/ [索取号:K837.12/100=2] 在馆    
24 2001249046   2001249046   315书库/ [索取号:K837.12/100=2] 在馆    
25 2001249047   2001249047   315书库/ [索取号:K837.12/100=2] 在馆    
26 2001249048   2001249048   315书库/ [索取号:K837.12/100=2] 在馆    
27 2001249049   2001249049   第四书库/四23架B面1层1列/ [索取号:K837.12/100=2] 在馆    
28 2001249050   2001249050   第四书库/四23架B面1层1列/ [索取号:K837.12/100=2] 在馆    
29 2001249051   2001249051   第四书库/四23架B面1层1列/ [索取号:K837.12/100=2] 在馆    
30 2001249052   2001249052   第四书库/四23架B面1层1列/ [索取号:K837.12/100=2] 在馆    
山东省滨州职业学院图书馆 欢迎您!
大连网信软件有限公司© 版权所有